000 01421nam2a2200265 4500
001 rc\2823400
005 20260315044540.0
035 _a(NLR Aleph) 006981750
090 _a13569331
_c13569331
100 _a20110622d1929 u y0rusy50 ca
101 0 _arus
102 _aRU
105 _ay z |||||
200 1 _aСборник в помощь просвещенцу
_fПод ред. С.В. Воронина, Б.Н. Никольского, С.С. Чесалина ...
_gОтв. ред. Никольский Б.Н.
210 _d1929
215 _a110, [1] с.
_d22 см
461 0 _1001rc\2823395
_12001#$aВ помощь просвещенцу$eСборник [статей]. Вып. 1-$f[Под ред. Б.Н. Никольского и Л.О. Ермишова]$gПедагогический факультет С.Г.У. и методическое бюро Губоно$vВып. 5
_95538394
_cСмоленск
_d1927-1929
_f[Под ред. Б.Н. Никольского и Л.О. Ермишова]
_nСмоленский гос. ун-т и Губ. отд. нар. образ.
_oСборник [статей]. Вып. 1-
_tВ помощь просвещенцу
_vВып. 5
702 1 _aВоронин
_bС.В.
_4340
702 1 _aНикольский
_bБ.Н.
_4340
702 1 _aЧесалин
_bС.С.
_4340
801 0 _aRU
_bNLR
_gpsbo
801 1 _aRU
_bELAR
_2rusmarc
852 _aNLR
_j48/490
942 _cUNSPEC
980 _aNB